000
00261nam a2200109Ia 4500
008
190216s9999||||xx |||||||||||||| ||und||
100
_a
Vidyaniwas Mishra
245
0
_a
Hindi - Raskhan Rachnavali
260
_b
Mahavir Book Depo
650
_a
Hindi
942
_c
BK
999
_c
16438
_d
16438